MARC
| LEADER | 00000nam a2200000Ia 4500 | ||
|---|---|---|---|
| 008 | 170316s9999 xx 000 0 und d | ||
| 040 | |a cru BVZT | ||
| 090 | |a 860 A-33u | ||
| 100 | |a Argueta, Manlio |9 1004 | ||
| 245 | |a Un día en la vida |c / Manlio Argueta | ||
| 250 | |a 2 | ||
| 260 | |a San José, Costa Rica |b EDUCA |c 1982 | ||
| 300 | |a 199 páginas | ||
| 650 | |a LITERATURA LATINOAMERICANA |9 15 | ||
| 999 | |c 8327 |d 8327 | ||
| 942 | |c 4 D |h 860 A-33u |2 z | ||
